Catálogo
 En Linea

Mi extraño señor Jesùs : (Registro nro. 49344)

Detalles MARC
000 -CABECERA
campo de control de longitud fija 00600nam a22001937a 4500
003 - IDENTIFICADOR DEL NÚMERO DE CONTROL
campo de control OSt
005 - FECHA Y HORA DE LA ÚLTIMA TRANSACCIÓN
campo de control 20210129094129.0
008 - DATOS DE LONGITUD FIJA--INFORMACIÓN GENERAL
campo de control de longitud fija 210129b ||||| |||| 00| 0 eng d
040 ## - FUENTE DE LA CATALOGACIÓN
Centro catalogador/agencia de origen DO-SdBNP
Lengua de catalogación spa
Centro/agencia transcriptor BNPHU
082 ## - NÚMERO DE LA CLASIFICACIÓN DECIMAL DEWEY
Número de clasificación xxx
Número de documento/Ítem C112m
100 10 - ENTRADA PRINCIPAL--NOMBRE DE PERSONA
Nombre de persona Caba, Lucila
9 (RLIN) 77714
245 10 - MENCIÓN DE TÍTULO
Título Mi extraño señor Jesùs :
Resto del título poesìa biblìca /
Mención de responsabilidad, etc. Lucila Caba ; Ediciòn del texto Milagros Padilla
260 ## - PUBLICACIÓN, DISTRIBUCIÓN, ETC.
Lugar de publicación, distribución, etc. [s. l] :
Nombre del editor, distribuidor, etc. [s. n.],
Fecha de publicación, distribución, etc. [2019]
300 ## - DESCRIPCIÓN FÍSICA
Extensión 104 p. ;
Dimensiones 22 cm
590 ## - NOTA LOCAL (RLIN)
Nota local Inventariado, 2021 / DG
700 ## - PUNTO DE ACCESO ADICIONAL--NOMBRE DE PERSONA
Nombre de persona Padilla, Milagros
Término indicativo de función/relación Ediciòn
9 (RLIN) 77715
910 ## - DATOS DE OPCIÓN DEL USUARIO (OCLC)
Datos de opción del usuario Inventariado, 2021 / DG
942 ## - ELEMENTOS DE PUNTO DE ACCESO ADICIONAL (KOHA)
Fuente del sistema de clasificación o colocación Dewey Decimal Classification
Tipo de ítem Koha Libro
Existencias
Estado de retiro Estado de pérdida Fuente del sistema de clasificación o colocación No para préstamo Código de colección Localización permanente Ubicación/localización actual Ubicación en estantería Fecha de adquisición Fuente de adquisición Total de préstamos Signatura topográfica completa Fecha visto por última vez Precio válido a partir de Tipo de ítem Koha Número de copia
    Dewey Decimal Classification   Monografías: Libros y Folletos Biblioteca Nacional Pedro Henríquez Ureña Biblioteca Nacional Pedro Henríquez Ureña En catalogación 06.02.2020 Deposito Legal   xxx C112m 29.01.2021 29.01.2021 Libro  
    Dewey Decimal Classification Préstamo restrigido Monografías: Libros y Folletos Biblioteca Nacional Pedro Henríquez Ureña Biblioteca Nacional Pedro Henríquez Ureña En catalogación 06.02.2020 Deposito Legal   xxx C112m 29.01.2021 29.01.2021 Libro e. 2
    Dewey Decimal Classification   Monografías: Libros y Folletos Biblioteca Nacional Pedro Henríquez Ureña Biblioteca Nacional Pedro Henríquez Ureña En catalogación 06.02.2020 Deposito Legal   xxx C112m 29.01.2021 29.01.2021 Libro e. 3

Con tecnología Koha